Asterix e a surpresa de César (Record no. 71707)

MARC details
000 -LÍDER
campo de controle de tamanho fixo 00369 a2200157 4500
001 - NÚMERO DE CONTROLE
campo de controle 71707
020 ## - ISBN - INTERNATIONAL STANDARD BOOK NUMBER
ISBN - International Standard Book Number 8501029084
040 ## - FONTE DA CATALOGAÇÃO
Instituição que transcreveu o registro Anchieta - Colégio São Paulo
100 ## - ENTRADA PRINCIPAL--NOME PESSOAL
Nome pessoal Goscinny, R.
240 10 - TÍTULO UNIFORME
Título uniforme Asterix e a surpresa de César
Idioma da obra por
245 10 - TÍTULO
Título Asterix e a surpresa de César
300 ## - DESCRIÇÃO FÍSICA
Extensão 62
362 0# - DATAS DE PUBLICAÇÃO E/OU DESIGNAÇÃO SEQUENCIAL
Datas de publicação e/ou designação sequencial 1986
650 #4 - ASSUNTO--TERMO TÓPICO
Cabeçalho tópico ou nome geográfico Literatura juvenil
942 ## - ELEMENTOS DE ENTRADA ADICIONADOS (KOHA)
Tipo de material Koha Livros
Holdings
Situação do descarte Situação das perdas Situação física Não pode ser emprestado Biblioteca de origem Biblioteca atual Data de aquisição Total de empréstimos Código de barras Data de último acesso Data do preço efetivo Tipo de material Koha Número de chamada completo
        Colégio São Paulo Colégio São Paulo 22/11/2023   914/CSP 22/11/2023 22/11/2023 Livros  
        Colégio São Paulo Colégio São Paulo 22/11/2023   8319/CSP 22/11/2023 22/11/2023 Livros LJ 028.5 G676a
        Colégio São Paulo Colégio São Paulo 22/11/2023   8413/CSP 22/11/2023 22/11/2023 Livros LJ 028.5 G676a